| 000 | 00440nam a2200193 4500 | ||
|---|---|---|---|
| 003 | CO-ViMGA | ||
| 005 | 20230915225004.0 | ||
| 008 | 150519b xxu||||| |||| 00| 0 eng d | ||
| 020 | _a9789588787220 | ||
| 040 |
_aCO-ViMGA _bspa _cCO-ViMGA |
||
| 090 | _bC CHE3 | ||
| 100 | 1 |
_aCHEN JIANG HONG _96 |
|
| 245 | 1 | 0 | _aLIAN |
| 260 |
_aBOGOTA _bCORIMBO _c2013 |
||
| 300 | _a [18 ] | ||
| 650 | 1 | 4 | _2CUENTO INF |
| 700 | 1 |
_aROS RAFAEL _97 |
|
| 942 | _cBK | ||
| 999 |
_c139 _d139 |
||